000 00310nam a22001457a 4500
008 210427b ||||| |||| 00| 0 eng d
020 _a9780023278518
041 _aeng
080 _a159.9
082 _a159.9
100 _a48
101 _aPSI
245 _aPsychology
_cStephen F. Davis
942 _2udc
_cBK
999 _c56847
_d56847